Taylor Swift Track 1s - Statistics

General Stats
  • This quiz has been taken 309 times
    295 since last reset
  • The average score is 10 of 11
Answer Stats
Album Song % Correct
Taylor Swift Tim McGraw
95%
1989 (Taylor's Version) Welcome To New York
95%
Fearless (Taylor's Version) Fearless
94%
reputation ...Ready For It?
94%
Speak Now (Taylor's Version) Mine
91%
Red (Taylor's Version) State Of Grace
91%
folklore the 1
91%
THE TORTURED POETS DEPARTMENT Fortnight (ft. Post Malone)
89%
Lover I Forgot That You Existed
89%
Midnights Lavender Haze
89%
evermore willow
89%
No matching quizzes found
Score Distribution
Percent of People with Each Score
Percentile by Number Answered
Your Score History
You have not taken this quiz since the last reset